00615nam a2200181 a 4500003000200000005001700002008004100019050003000060100002500090245006800115260009300183300004000276504004100316650001500357650002000372650001800392650002300410020250224160807.0111114s19uu xx 00 eng d aPGS TP 341.5 b.G656 2011 aGoodwin, Wyatt Paul. aThe use of water lilies as wood adhesive /cWyatt Paul Goodwin. aLas Piñas City, Philippines : bSouthville International School and Colleges, c2011. a15 pages :billustrations ;c28 cm. aIncludes bibliographical references. aAdhesives. aWood adhesives. aWater lilies. aNatural adhesives.